| 000 | 01088cam a22002651i 4500 | ||
|---|---|---|---|
| 003 | SA-RiAUC | ||
| 005 | 20250816121815.0 | ||
| 008 | 250812s2006____su g 000 0cara c | ||
| 040 |
_aSA-MaUQU _bara _cSA-RiAUC _erda |
||
| 082 | 0 | 4 |
_a239 _qSA-RiAUC |
| 090 |
_a239 _bص ا ب |
||
| 100 | 1 |
_aالصابوني، محمد علي، _d1930-2021 _eمؤلف. |
|
| 245 | 1 | 0 |
_aصفحات مشرقة من حياة الرسول وصحابته الأبرار / _cمحمد علي الصابوني. |
| 250 | _aالطبعة الأولى. | ||
| 264 | 1 |
_aمكة المكرمة : _bالأفق للطباعة والنشر، _c2006. |
|
| 300 |
_a384 صفحة ؛ _c24 سم |
||
| 336 |
_aنص _btxt _2rdacontent _3كتاب |
||
| 337 |
_aبدون وسيط _bn _2rdamedia |
||
| 338 |
_aمجلد _bnc _2rdacarrier |
||
| 600 | 0 | 7 |
_aمحمد (صلى الله عليه وسلم)، _d53 قبل الهجرة-11 هجري _2aucnm |
| 650 | 7 |
_aالسيرة النبوية _2aucsh |
|
| 650 | 7 |
_aالصحابة والتابعون _vتراجم _2aucsh |
|
| 942 |
_2ddc _cBOOK _n0 |
||
| 949 |
_aSA-JeALM _d250812 _umohamedma123 _n1 |
||
| 999 |
_c10811 _d10811 |
||